Countries without the letter A - Statistics

General Stats
  • This quiz has been taken 49 times
    39 since last reset
  • The average score is 19 of 29
Answer Stats
Answer % Correct
Belgium
82%
Egypt
82%
Fiji
79%
Mexico
79%
Togo
79%
Benin
76%
Greece
76%
Belize
74%
Djibouti
74%
Kosovo
74%
Peru
74%
Yemen
74%
Chile
71%
Niger
71%
Sweden
71%
Burundi
65%
Cyprus
65%
Brunei
62%
Morocco
62%
United Kingdom
62%
Comoros
59%
Turkey
56%
Lesotho
53%
Montenegro
53%
Philippines
53%
Luxembourg
50%
Seychelles
50%
Liechtenstein
44%
Republic of the Congo
38%
No matching quizzes found
Score Distribution
Percent of People with Each Score
Percentile by Number Answered
Your Score History
You have not taken this quiz since the last reset